| 000 | 00681nam a2200205Ia 4500 | ||
|---|---|---|---|
| 003 | GCL | ||
| 008 | 140319s9999 xx 000 0 ara d | ||
| 040 |
_aGCL / _cGCL |
||
| 082 | 0 | 4 |
_a922.6 _bم م |
| 100 | 1 | _aملا على القارى | |
| 245 | 1 | 0 |
_aالمعدن العدنى فى فضل اويس القرنى / _cملا على القارى |
| 700 | 1 | _aعبدالبارى محمد داود | |
| 250 | _aالاولى | ||
| 260 |
_aالقاهرة : _bدار نهضة الشرق ، _c2002 |
||
| 300 |
_a455 ص ؛ _c24 سم |
||
| 650 | 0 | 4 | _aالصحابة والتابعون |
| 650 | 0 | 4 | _aالمتصوفون - تراجم |
| 650 | 0 | 4 | _aاويس القرنى |
| 942 |
_2ddc _cBK |
||
| 999 |
_c37645 _d37645 |
||